[Event "AUTO-OPEN-1523"]
[Site "http://www.queenalice.com/game.php?id=575763"]
[Date "2009.4.22"]
[Round "1"]
[White "donnybaby"]
[Black "AloPrado"]
[Result "0-1"]
[WhiteElo "2049"]
[BlackElo "1998"]

1. e3 e5 2. c3 d5 3. h3 Nf6 4. b3 Bd6 5. a4 O-O 6. g4 Nc6 7. Ba3 a6 8. Bg2 Be6
9. g5 Ne8 10. Bxd6 Nxd6 11. h4 e4 12. Bh3 Nf5 13. Bxf5 Bxf5 14. Nh3 Bxh3 15.
Rxh3 Ne5 16. Qe2 Nd3+ 17. Kd1 Qd7 18. Rg3 Qf5 19. f3 c5 20. f4 Rfd8 21. h5 g6
22. hxg6 fxg6 23. Qh2 Rd7 24. Na3 d4 25. cxd4 cxd4 26. Nc4 Rad8 27. Ra2 dxe3 28.
Rxe3 Nxf4 29. Qh1 Rd4 30. Rg3 Nh5 31. Ne3 Nxg3 32. Nxf5 Nxh1 33. Nxd4 Rxd4 34.
Ke2 Ng3+ 35. Ke1 Rd5 36. Rc2 Rf5 37. d3 e3 38. Rc8+ Rf8 39. Rxf8+ Kxf8 40. d4
Ke7 41. b4 Ke6 42. b5 Kd5 43. bxa6 bxa6 44. a5 Kxd4 45. Kd1 Kd3 46. Ke1 Ne4 47.
Kd1 Nxg5 48. Ke1 h5 49. Kd1 h4 50. Ke1 Ne4 51. Kf1 h3 52. Ke1 h2 0-1

[Event "AUTO-OPEN-1523"]
[Site "http://www.queenalice.com/game.php?id=575764"]
[Date "2009.4.22"]
[Round "1"]
[White "AloPrado"]
[Black "donnybaby"]
[Result "1-0"]
[WhiteElo "1717"]
[BlackElo "1838"]

1. Nf3 e6 2. b3 c6 3. Bb2 f6 4. e3 b5 5. d4 Ne7 6. c4 bxc4 7. Bxc4 d5 8. Bd3 a5
9. O-O h5 10. Nc3 g5 11. e4 dxe4 12. Nxe4 Nd5 13. Nc5 Bxc5 14. dxc5 Rh6 15. Re1
e5 16. Be4 Bg4 17. h3 Bxf3 18. Bxf3 Ra7 19. Qc2 g4 20. hxg4 hxg4 21. Bxd5 Qxd5
22. Rad1 Qg8 23. Qf5 Rc7 24. Bxe5 Re7 25. Qc8+ Kf7 26. Qxg8+ Kxg8 27. Bxb8 Rf7
28. Rd8+ Kg7 29. Bd6 Kg6 30. Rc8 Rfh7 31. Kf1 Rh1+ 32. Ke2 Rxe1+ 33. Kxe1 Rh1+
34. Ke2 Rb1 35. Bf4 Rb2+ 36. Bd2 Rxa2 37. Rxc6 Rb2 38. Rb6 a4 39. bxa4 1-0

[Event "Challenge"]
[Site "http://www.queenalice.com/game.php?id=577534"]
[Date "2009.4.25"]
[Round "-"]
[White "DANTCHESSMART"]
[Black "AloPrado"]
[Result "1-0"]
[WhiteElo "2051"]
[BlackElo "1500"]

1. e4 e5 2. f4 exf4 3. Nf3 d6 4. Bc4 Nf6 5. Nc3 Bd7 6. d4 Nc6 7. Bxf4 Be7 8. O-O
Na5 9. Be2 Nc6 10. d5 Nb8 11. e5 Nh5 12. Be3 g6 13. exd6 Bxd6 14. Ne4 Be7 15. d6
Bf8 16. Nfg5 Bxd6 17. Nxd6+ cxd6 18. Nxf7 Qa5 19. Nxd6+ 1-0

[Event "Challenge"]
[Site "http://www.queenalice.com/game.php?id=608402"]
[Date "2009.6.24"]
[Round "-"]
[White "salvioluiz"]
[Black "AloPrado"]
[Result "0-1"]
[WhiteElo "1723"]
[BlackElo "1783"]

1. e4 c5 2. Nf3 d6 3. d4 cxd4 4. Bc4 e6 5. Qxd4 Nc6 6. Qc3 Nf6 7. Bg5 Be7 8. Na3
a6 9. Nd4 Bd7 10. O-O-O Qb6 11. f3 Nxe4 12. fxe4 Bxg5+ 13. Kb1 Bf6 14. Rhf1 Nxd4
15. Qe3 Qc5 16. b4 Qxb4+ 17. Bb3 Qxa3 18. Rxd4 Bxd4 19. Qxd4 O-O 20. e5 Qc5 21.
Qxd6 Qxd6 22. exd6 Bc6 0-1

[Event "Challenge"]
[Site "http://www.queenalice.com/game.php?id=616571"]
[Date "2009.7.10"]
[Round "-"]
[White "OnlyJoking"]
[Black "AloPrado"]
[Result "0-1"]
[WhiteElo "1752"]
[BlackElo "1899"]

1. e4 c5 2. Nf3 d6 3. Bb5+ Bd7 4. Bxd7+ Qxd7 5. c4 g6 6. d3 Bg7 7. Qb3 Nc6 8.
Bd2 Nf6 9. h3 O-O 10. Qd1 Rfb8 11. Bc3 b5 12. b3 bxc4 13. bxc4 Rb7 14. O-O Rab8
15. a3 a5 16. Qc2 Nh5 17. Bxg7 Kxg7 18. Ra2 Nf4 19. Kh2 Ne6 20. Nfd2 Ned4 21.
Qc3 f6 22. f4 Kf7 23. Rf2 Rxb1 24. Nxb1 Rxb1 25. Rab2 Rxb2 26. Qxb2 a4 27. g4
Qa7 28. Qb1 Nb3 29. h4 Qa5 30. h5 Qc3 31. hxg6+ hxg6 32. g5 Qc1 33. Qa2 Qd1 34.
Qc2 Qxc2 35. Rxc2 fxg5 36. fxg5 Ne5 0-1

[Event "Challenge"]
[Site "http://www.queenalice.com/game.php?id=618783"]
[Date "2009.7.14"]
[Round "-"]
[White "Kingkila"]
[Black "AloPrado"]
[Result "0-1"]
[WhiteElo "1891"]
[BlackElo "1820"]

1. e4 c5 2. Bc4 e6 3. Nf3 a6 4. a4 Nc6 5. d4 cxd4 6. Nxd4 Bc5 7. Nxc6 bxc6 8.
Qh5 Qa5+ 9. Bd2 Bxf2+ 10. Kxf2 Qxh5 11. Nc3 Qc5+ 12. Be3 Qxc4 13. Rhd1 a5 14.
Rd4 Qa6 15. Rf1 Nf6 16. Kg1 Ng4 17. Bd2 Qb6 18. Ne2 e5 19. h3 Nf6 20. Be3 exd4
21. Bxd4 Qc7 22. e5 Ne4 23. e6 dxe6 24. Bxg7 Rg8 25. Bh6 Ba6 0-1

[Event "Challenge"]
[Site "http://www.queenalice.com/game.php?id=621904"]
[Date "2009.7.20"]
[Round "-"]
[White "talisman77"]
[Black "AloPrado"]
[Result "0-1"]
[WhiteElo "1815"]
[BlackElo "1867"]

1. d4 d5 2. c4 e6 3. Nc3 Nf6 4. Nf3 Bd7 5. e3 dxc4 6. Bxc4 Be7 7. O-O O-O 8. Qc2
Bc6 9. Ne5 Bd5 10. Bxd5 exd5 11. Qb3 b6 12. Bd2 c5 13. Rfe1 Re8 14. dxc5 Bxc5
15. Nf3 Nc6 16. Rad1 Ne5 17. Nxe5 Rxe5 18. Na4 Rc8 19. Nxc5 Rxc5 20. Bc3 Re6 21.
a4 a5 22. Rd4 Rec6 23. Red1 h6 24. R4d3 Rc4 25. Bxf6 Qxf6 26. Rxd5 Rc2 27. Rd6
Qxf2+ 0-1

[Event "Challenge"]
[Site "http://www.queenalice.com/game.php?id=629673"]
[Date "2009.8.3"]
[Round "-"]
[White "theblackfox"]
[Black "AloPrado"]
[Result "0-1"]
[WhiteElo "1900"]
[BlackElo "1956"]

1. e4 c5 2. Nf3 d6 3. d4 cxd4 4. Qxd4 Nc6 5. Qa4 Bd7 6. Qc4 g6 7. Bf4 Bg7 8. Ng5
Nh6 9. Nc3 O-O 10. O-O-O Ng4 11. Bg3 h6 12. Nf3 Be6 13. Qb5 Bxc3 14. bxc3 Qb6
15. a4 Qxb5 16. Bxb5 a6 17. Be2 Rac8 18. h3 Nge5 19. h4 Nxf3 20. Bxf3 Ne5 21. h5
Nxf3 22. gxf3 g5 23. f4 f6 24. e5 dxe5 25. fxe5 fxe5 26. Bxe5 Rxf2 27. Rd6 exd6
28. Bxd6 Rxc3 29. Rh2 Rcxc2+ 30. Kd1 Rxh2 31. Bxh2 Rxh2 32. a5 g4 33. Ke1 Bc4
34. Kd1 g3 35. Ke1 Ra2 36. Kd1 g2 37. Ke1 g1=Q# 0-1

[Event "Challenge"]
[Site "http://www.queenalice.com/game.php?id=629674"]
[Date "2009.8.3"]
[Round "-"]
[White "AloPrado"]
[Black "theblackfox"]
[Result "1-0"]
[WhiteElo "1920"]
[BlackElo "1900"]

1. Nf3 d5 2. b3 Nc6 3. Bb2 Nf6 4. e3 e5 5. Nxe5 Nxe5 6. Bxe5 Bb4 7. Be2 O-O 8.
a3 Ba5 9. b4 Bb6 10. d4 Bf5 11. Nc3 a5 12. Na4 Ne4 13. Nxb6 cxb6 14. c4 Qh4 15.
g3 Qh6 16. h4 axb4 17. axb4 Nc3 18. Qc1 Ne4 19. g4 Be6 20. Bf3 f5 21. g5 Nxg5
22. hxg5 Qxg5 23. cxd5 Bd7 24. Rxa8 Rxa8 25. d6 Ra4 26. Qb1 Bc6 27. Bxc6 bxc6
28. Qb3+ Kh8 29. Qxa4 h5 30. Qxc6 h4 31. Qe8+ Kh7 32. Qe7 Qg4 33. Rxh4+ Qxh4 34.
Qxg7# 1-0

[Event "Challenge"]
[Site "http://www.queenalice.com/game.php?id=644299"]
[Date "2009.8.29"]
[Round "-"]
[White "Kingkila"]
[Black "AloPrado"]
[Result "0-1"]
[WhiteElo "1877"]
[BlackElo "1979"]

1. e4 e5 2. Bc4 Nf6 3. d3 c6 4. Bg5 Be7 5. Bxf6 Bxf6 6. Qh5 d5 7. Bb3 g6 8. Qh6
dxe4 9. dxe4 Be6 10. Nd2 Bxb3 11. Nxb3 Bg5 12. Qg7 Qf6 13. Qxf6 Bxf6 14. Nc5 b6
15. Nb7 O-O 16. O-O-O a5 17. Nd6 Ra7 18. Nf3 b5 19. Rd3 Rd8 20. Rhd1 Rad7 21.
Nb7 Rxd3 22. Rxd3 Rxd3 23. cxd3 a4 24. Kc2 Kf8 25. Kc3 Ke7 26. Kb4 Kd7 27. Kc5
Kc7 28. Nxe5 Bxe5 29. Na5 Na6# 0-1

[Event "Challenge"]
[Site "http://www.queenalice.com/game.php?id=644300"]
[Date "2009.8.29"]
[Round "-"]
[White "AloPrado"]
[Black "Kingkila"]
[Result "1-0"]
[WhiteElo "2023"]
[BlackElo "1880"]

1. Nf3 d5 2. b3 Bf5 3. Bb2 e6 4. e3 Nf6 5. Be2 Bd6 6. O-O O-O 7. d4 Ne4 8. Ba3
c5 9. c4 Qa5 10. dxc5 Bxc5 11. Bxc5 Qxc5 12. Nd4 Nc6 13. Nxf5 exf5 14. a3 Rfd8
15. b4 Qe7 16. cxd5 Ne5 17. Qb3 Rd6 18. f3 Nf6 19. Rd1 Rad8 20. f4 Ng6 21. Bf3
Nh4 22. Ra2 Nxf3+ 23. gxf3 Nxd5 24. Rad2 Qe6 25. Rd3 Qg6+ 26. Kf2 Qe6 27. Nc3
Nxc3 28. Qxc3 Qe7 29. Rxd6 Qh4+ 30. Kg2 Rf8 31. Qc7 g5 32. Qe7 Qh5 33. Qxg5+
Qxg5+ 34. fxg5 Re8 35. Rd8 Kf8 36. R1d7 b5 37. Rxe8+ Kxe8 38. Rxa7 Kf8 39. h4
Kg7 40. Rb7 Kg6 41. Rb6+ Kg7 42. Rxb5 h6 43. gxh6+ Kxh6 44. Rxf5 Kg6 45. e4 1-0

[Event "Challenge"]
[Site "http://www.queenalice.com/game.php?id=644561"]
[Date "2009.8.30"]
[Round "-"]
[White "NandoBg"]
[Black "AloPrado"]
[Result "1-0"]
[WhiteElo "2143"]
[BlackElo "2038"]

1. Nc3 g6 2. e4 Bg7 3. Nf3 c5 4. h3 a6 5. d4 cxd4 6. Nxd4 d6 7. Bc4 Qb6 8. Be3
Qc7 9. Qe2 Nf6 10. g4 Nc6 11. O-O-O Ne5 12. Bb3 b5 13. f4 Nc4 14. Ncxb5 axb5 15.
Nxb5 Qa5 16. Bxc4 O-O 17. Bd2 Qb6 18. e5 dxe5 19. fxe5 Ne8 20. Be3 Qb8 21. Bg5
Be6 22. Bxe6 fxe6 23. Bxe7 Rf7 24. g5 Rxe7 25. Kb1 Qxe5 26. Qxe5 Bxe5 27. c4 Nc7
28. Rhe1 Bf4 29. h4 Nxb5 30. cxb5 e5 31. Re4 Kf7 32. Rd6 Re6 33. Rd7+ Re7 34.
Rd3 Ke6 35. Rf3 Rf7 36. Rc4 Kf5 37. a4 Kg4 38. Re3 Rc8 39. Rxc8 Bxe3 40. a5 Kxh4
41. b6 Kxg5 42. Rc7 Kf6 43. a6 Bxb6 44. Rc6+ Ke7 45. Rxb6 Rf1+ 46. Kc2 Ra1 47.
b4 g5 48. Kb2 Ra4 49. Kb3 Ra1 50. Rh6 1-0

[Event "Desafio #01"]
[Site "http://www.queenalice.com/game.php?id=676447"]
[Date "2009.11.2"]
[Round "-"]
[White "Aylton"]
[Black "AloPrado"]
[Result "1-0"]
[WhiteElo "2008"]
[BlackElo "2044"]

1. d4 d5 2. Nf3 e6 3. e3 Nf6 4. c4 c5 5. Nc3 Nc6 6. a3 cxd4 7. exd4 Be7 8. Be2
O-O 9. O-O dxc4 10. Bxc4 a6 11. h3 b5 12. Be2 Bb7 13. Be3 Nd5 14. Rc1 Rc8 15.
Nxd5 Qxd5 16. Qd2 Bf6 17. Rfd1 Rfd8 18. b4 Rd7 19. Qb2 Rcd8 20. Rd2 Nxd4 21.
Bxd4 Bxd4 22. Rxd4 Qf5 23. Rxd7 Rxd7 24. Qe5 Qxe5 25. Nxe5 1-0

[Event "Desafio #02"]
[Site "http://www.queenalice.com/game.php?id=676448"]
[Date "2009.11.2"]
[Round "-"]
[White "AloPrado"]
[Black "Aylton"]
[Result "1-0"]
[WhiteElo "2011"]
[BlackElo "1856"]

1. Nf3 d5 2. b3 Nf6 3. Bb2 e6 4. e3 c5 5. d4 a6 6. c4 Nc6 7. Be2 Be7 8. O-O O-O
9. Nc3 cxd4 10. Nxd4 Nxd4 11. Qxd4 dxc4 12. Qxc4 b5 13. Qd3 Qxd3 14. Bxd3 Bb7
15. Rfd1 Rfd8 16. Rac1 h6 17. h3 Rac8 18. Bb1 Kf8 19. Rxd8+ Bxd8 20. Rd1 Nd5 21.
Nxd5 Bxd5 22. e4 Bc6 23. Ba3+ Be7 24. Bxe7+ Kxe7 25. f4 Bb7 26. Kf2 Rd8 27. Rxd8
Kxd8 28. Ke3 Kc7 29. Kd4 f6 30. Kc5 g5 31. fxg5 hxg5 32. g3 Bc8 33. h4 gxh4 34.
gxh4 Bd7 35. h5 Be8 36. h6 Bg6 37. Bd3 Bh7 38. a4 bxa4 39. bxa4 Bg6 40. a5 Bh7
41. Kd4 Kb7 42. Bc4 e5+ 43. Kc5 Kc7 44. Bxa6 Bxe4 45. Bc4 Bg6 46. a6 e4 47. Bd5
e3 48. Bf3 1-0

[Event "Challenge"]
[Site "http://www.queenalice.com/game.php?id=690977"]
[Date "2009.11.30"]
[Round "-"]
[White "AloPrado"]
[Black "KLEOJ"]
[Result "0-1"]
[WhiteElo "2023"]
[BlackElo "2143"]

1. e4 Nc6 2. d4 d5 3. exd5 Qxd5 4. c3 Nf6 5. Nf3 Bg4 6. Be2 e6 7. Be3 Bd6 8. O-O
Qh5 9. g3 O-O 10. Re1 e5 11. h4 exd4 12. cxd4 Rae8 13. Kg2 Bxg3 14. Kxg3 Ne4+
15. Kg2 f5 16. Ne5 Nxe5 17. dxe5 Rxe5 18. Bxg4 fxg4 19. Rh1 Ref5 20. Nd2 Nxf2
21. Bxf2 Rxf2+ 22. Kg1 Qc5 23. Qb3+ Kh8 24. Ne4 Rf1+ 0-1

[Event "Desafio #03"]
[Site "http://www.queenalice.com/game.php?id=761218"]
[Date "2010.4.14"]
[Round "-"]
[White "Aylton"]
[Black "AloPrado"]
[Result "0-1"]
[WhiteElo "1942"]
[BlackElo "2021"]

1. f4 d5 2. Nf3 Bf5 3. d3 e6 4. e3 Nf6 5. Nc3 Be7 6. Be2 O-O 7. O-O c5 8. h3 h6
9. a3 Nc6 10. g4 Bh7 11. Kg2 d4 12. exd4 Nxd4 13. Nxd4 Qxd4 14. Rf3 Qd7 15. Be3
Rfd8 16. Qf1 Qc6 17. Kg3 Nd5 18. Nxd5 Rxd5 19. h4 Qc7 20. Kh3 Rc8 21. Qf2 b5 22.
Rc1 a6 23. c4 bxc4 24. dxc4 Rd7 25. f5 exf5 26. gxf5 Qe5 27. Bd1 Rcd8 28. Ba4
Rb7 29. b3 Rd3 30. Re1 Bd6 31. Kg2 Re7 32. Kf1 Qc3 33. Kg2 Bxf5 34. Rxf5 Rdxe3
35. Rxe3 Rxe3 36. Rxf7 Rg3+ 37. Kf1 Qc1+ 38. Ke2 Qc2+ 39. Ke1 Qc1+ 40. Ke2 Rc3
41. Qf5 Qb2+ 0-1

[Event "Desafio #04"]
[Site "http://www.queenalice.com/game.php?id=761219"]
[Date "2010.4.14"]
[Round "-"]
[White "AloPrado"]
[Black "Aylton"]
[Result "1/2-1/2"]
[WhiteElo "2035"]
[BlackElo "1971"]

1. d4 d5 2. c4 e6 3. Nc3 Nf6 4. cxd5 exd5 5. Nf3 Be7 6. Bf4 c6 7. e3 O-O 8. Bd3
h6 9. O-O Bg4 10. h3 Bh5 11. Qb3 b6 12. Ne5 Qe8 13. e4 dxe4 14. Nxe4 Nxe4 15.
Bxe4 Kh8 16. Rac1 Bg6 17. Bxc6 Nxc6 18. Nxc6 Bf6 19. Ne5 Bxe5 20. Bxe5 f6 21.
Bd6 Rf7 22. Bg3 Rd7 23. Rc7 Rxd4 24. Qa3 Ra4 25. Qc3 Rxa2 26. Re1 Qg8 27. Ree7
Ra1+ 28. Kh2 Ra5 29. Rxg7 Qxg7 30. Rxg7 Kxg7 31. Qc7+ Bf7 32. Qb7 Re8 33. Bb8
Rxb8 34. Qxb8 Ra2 35. Qg3+ Kf8 36. Qc3 Kg7 37. Kg3 Kg6 38. Kg4 Be6+ 39. Kh4 Ra4+
40. g4 Rc4 41. Qa3 h5 42. f3 hxg4 43. hxg4 f5 44. Qxa7 fxg4 45. Qxb6 gxf3+ 46.
Kg3 Kf7 47. Kxf3 Ke7 48. b4 Bd5+ 49. Ke3 Kd7 50. Kd3 Rc7 51. Kd4 Bc6 52. Ke5 Rb7
53. Qd4+ Kc8 54. Ke6 Bd7+ 55. Kd6 Kb8 56. Qh8+ Bc8 57. Qe5 Bd7 58. Qa5 Bc8 59.
b5 Bd7 60. b6 Bc8 61. Kc5 Bd7 1/2-1/2

[Event "Challenge"]
[Site "http://www.queenalice.com/game.php?id=814533"]
[Date "2010.8.7"]
[Round "-"]
[White "Rodrigo_Cruzeiro"]
[Black "AloPrado"]
[Result "0-1"]
[WhiteElo "1913"]
[BlackElo "2032"]

1. e4 e5 2. Nc3 Nf6 3. Nf3 d6 4. Bc4 Be7 5. d3 Nc6 6. Ng5 O-O 7. h3 h6 8. Nxf7
Rxf7 9. Bxf7+ Kxf7 10. Nd5 Be6 11. Nxf6 Bxf6 12. Be3 Ke7 13. c4 Qe8 14. Qa4 Qg6
15. g3 Bg5 16. Bxg5+ Qxg5 17. h4 Qh5 18. Kd2 Qf3 19. Qd1 Qxd1+ 20. Raxd1 Bg4 21.
Rc1 Rf8 22. Rcf1 h5 23. f4 g6 24. fxe5 dxe5 25. Rxf8 Kxf8 26. Kc3 Nd4 27. Rf1+
Ke7 28. Kd2 Ne2 29. a4 Nxg3 30. Ra1 Ne2 31. a5 Nf4 32. Ra3 Be2 33. c5 Bxd3 34.
Rxd3 Nxd3 35. Kxd3 b6 36. cxb6 cxb6 37. axb6 axb6 38. b4 Kf6 39. Ke3 g5 40.
hxg5+ Kxg5 41. Kf3 h4 42. b5 h3 43. Kg3 h2 44. Kxh2 Kf4 45. Kg2 Kxe4 46. Kh2 Kf3
47. Kh3 e4 48. Kh2 e3 49. Kh3 e2 50. Kh2 e1=Q 51. Kh3 Qh1# 0-1

[Event "Desafio #05"]
[Site "http://www.queenalice.com/game.php?id=834778"]
[Date "2010.9.18"]
[Round "-"]
[White "Aylton"]
[Black "AloPrado"]
[Result "0-1"]
[WhiteElo "2082"]
[BlackElo "2043"]

1. d4 d5 2. Nf3 Nf6 3. e3 Bf5 4. c4 e6 5. Nc3 Be7 6. cxd5 exd5 7. Bd3 Bxd3 8.
Qxd3 O-O 9. O-O c6 10. h3 Re8 11. a3 Bf8 12. Bd2 Nbd7 13. Rfc1 Ne4 14. Be1 Rc8
15. Nd2 Nxd2 16. Qxd2 Nf6 17. b4 Ne4 18. Nxe4 Rxe4 19. f3 Re6 20. Bf2 Qg5 21.
Re1 Rce8 22. Rab1 Bd6 23. Rb3 Bg3 24. Bxg3 Qxg3 25. Qf2 Qxf2+ 26. Kxf2 f5 27. f4
a6 28. Kf3 Re4 29. Rc1 h6 30. g4 g5 31. fxg5 fxg4+ 32. hxg4 hxg5 33. Rh1 Kg7 34.
Rh5 Kg6 35. Rc3 Rf8+ 36. Kg3 Rf1 37. Rh8 Rg1+ 38. Kf3 Rexg4 39. Rb8 R4g3+ 40.
Kf2 g4 41. Ke2 R3g2+ 0-1

[Event "Desafio #06"]
[Site "http://www.queenalice.com/game.php?id=834779"]
[Date "2010.9.18"]
[Round "-"]
[White "AloPrado"]
[Black "Aylton"]
[Result "1-0"]
[WhiteElo "2061"]
[BlackElo "2092"]

1. d4 Nf6 2. c4 e6 3. Nc3 d5 4. Nf3 c6 5. e3 a6 6. Bd3 dxc4 7. Bxc4 b5 8. Bd3
Bb7 9. O-O Be7 10. Bd2 O-O 11. Rc1 Nbd7 12. a3 h6 13. Na2 Rc8 14. Bb1 c5 15.
dxc5 Bxc5 16. Qe2 Qb6 17. Rfd1 Rfd8 18. Bc3 Nd5 19. Bd4 Bxd4 20. Nxd4 N7f6 21.
Qe1 Rxc1 22. Rxc1 Kf8 23. Nb4 Nxb4 24. Qxb4+ Ke8 25. h3 Nd5 26. Qc5 Qxc5 27.
Rxc5 Kd7 28. Be4 Rc8 29. Rxc8 Kxc8 30. Nb3 Kc7 31. Nc5 Bc8 32. Bxd5 exd5 33. b4
Kc6 34. h4 a5 35. f4 a4 36. Kf2 Kd6 37. Kf3 h5 38. Ke2 g6 39. Kd3 Bf5+ 40. Kd4
Bc8 41. e4 dxe4 42. Nxe4+ Kc6 43. Ng5 Be6 44. Nxe6 fxe6 45. Ke5 Kd7 46. Kf6 Kd6
47. Kxg6 Kd5 48. Kxh5 Kc4 49. Kg5 Kb3 50. h5 Kxa3 51. h6 Kxb4 52. h7 Kb3 53.
h8=Q b4 54. Qd4 a3 55. Kf6 a2 56. g4 Ka3 57. g5 b3 58. g6 1-0

[Event "Revanche"]
[Site "http://www.queenalice.com/game.php?id=846249"]
[Date "2010.10.15"]
[Round "-"]
[White "AloPrado"]
[Black "Rodrigo_Cruzeiro"]
[Result "1-0"]
[WhiteElo "2078"]
[BlackElo "1911"]

1. d4 d5 2. c4 b6 3. Nc3 e6 4. e4 Bb4 5. Qa4+ Nc6 6. Qxc6+ Bd7 7. Qb7 Qc8 8.
Qxc8+ Rxc8 9. Bd3 dxe4 10. Bxe4 Nf6 11. Bf3 h6 12. Ne2 c5 13. dxc5 Rxc5 14. b3
b5 15. a3 Bxc3+ 16. Nxc3 bxc4 17. Be3 Rc7 18. b4 a6 19. Bc5 Bc6 20. Ke2 Nd7 21.
Bxc6 Rxc6 22. Ne4 Nxc5 23. Nxc5 a5 24. Rhc1 axb4 25. axb4 O-O 26. Rxc4 Rd6 27.
Rd1 Rxd1 28. Kxd1 Rd8+ 29. Ke2 g5 30. b5 Kf8 31. b6 Ke7 32. Na6 Rd7 33. Rc7 Rxc7
34. bxc7 Kd7 35. Kf3 h5 36. h3 f5 37. h4 gxh4 38. Kf4 Kc8 39. Kg5 Kd7 40. Kxh5
Kc8 41. Kxh4 Kd7 42. Kg5 Kc8 43. Kf6 Kd7 44. Ke5 Kc8 45. Kxe6 1-0